000 01325nam a22004337a 4500
001 0008028
003 KOHA_MİRAKIL
005 20260207001618.0
007 ta
008 091007b1976 tu |||gr||||#||||0|tur |
020 _c0,01
040 _aTR-BiSEU
_btur
_cTR-BiSEU
_erda
041 0 _atur
044 _ctu
050 _aHJ2317
_b.S34 1976
100 1 _aSchmölders, Günter.
245 1 _aGenel vergi teorisi/
_cGünter Schmölders ; Günter Schmölders; çeviren Salih Turhan.
250 _agöz. geç. 4. bsk.
264 1 _aİstanbul :
_bİÜ İktisat Fak.
_c1976
300 _a332 sayfa
336 _ametin
_btxt
_2rdacontent
337 _aaracısız
_bn
_2rdamedia
338 _acilt
_bnc
_2rdacarrier
490 1 _aİstanbul Üniversitesi yayınları ;
_vno.
490 1 _a2149.
490 1 _aİktisat Fakültesi ;
_vno.
490 1 _a374,Maliye Enstitüsü;no.55
500 _aKaynakça ve dizin var.
650 0 _aTaxation.
_96674
650 0 _aKamu,maliye.
_919863
650 0 _aVergilendirme.
_96673
650 0 _aVergi Teorisi.
_919864
650 0 _aVergileme.
_919865
830 1 _aİstanbul Üniversitesi yayınları ;
_vno.
_91829
830 1 _a2149.
_919866
830 1 _aİktisat Fakültesi ;
_vno.
_915630
830 1 _a374,Maliye Enstitüsü;no.55
_919867
942 _2lcc
_cBK
999 _c8003
_d8003